Oscar du meilleur acteur - Statistiques

Statistiques générales
  • Ce quiz a été pris 4 218 fois
    1 982 depuis la dernière actualisation
  • Le résultat moyen est 30 sur 96
Statistiques - réponses
Année Film Acteur % Correct
2016 The Revenant Leonardo DiCaprio
95%
2012 The Artist Jean Dujardin
89%
2020 Joker Joaquin Phoenix
86%
1995 Forrest Gump Tom Hanks
84%
1994 Philadelphia Tom Hanks
84%
2021 The Father Anthony Hopkins
77%
1992 Le Silence des agneaux Anthony Hopkins
77%
2019 Bohemian Rhapsody Rami Malek
74%
2022 La Méthode Williams Will Smith
74%
1981 Raging Bull Robert De Niro
70%
2013 Lincoln Daniel Day-Lewis
63%
2008 There Will Be Blood Daniel Day-Lewis
63%
1990 My Left Foot Daniel Day-Lewis
63%
1973 Le Parrain Marlon Brando
63%
1955 Sur les quais Marlon Brando
63%
2001 Gladiator Russell Crowe
63%
2003 Le Pianiste Adrien Brody
61%
1993 Le Temps d'un week-end Al Pacino
61%
1998 Pour le pire et pour le meilleur Jack Nicholson
60%
1976 Vol au-dessus d'un nid de coucou Jack Nicholson
60%
2002 Training Day Denzel Washington
55%
2009 Harvey Milk Sean Penn
52%
2004 Mystic River Sean Penn
52%
2023 The Whale Brendan Fraser
51%
2017 Manchester by the Sea Casey Affleck
51%
2014 Dallas Buyers Club Matthew McConaughey
49%
1989 Rain Man Dustin Hoffman
47%
1980 Kramer contre Kramer Dustin Hoffman
47%
2005 Ray Jamie Foxx
46%
2011 Le Discours d'un roi Colin Firth
44%
2006 Truman Capote Philip Seymour Hoffman
44%
2018 Les Heures sombres Gary Oldman
43%
2000 American Beauty Kevin Spacey
43%
1988 Wall Street Michael Douglas
35%
1999 La vie est belle Roberto Benigni
35%
2007 Le Dernier Roi d'Écosse Forest Whitaker
34%
2015 Une merveilleuse histoire du temps Eddie Redmayne
32%
1982 La Maison du lac Henry Fonda
28%
1996 Leaving Las Vegas Nicolas Cage
28%
1970 Cent dollars pour un shérif John Wayne
27%
1987 La Couleur de l'argent Paul Newman
27%
1983 Gandhi Ben Kingsley
26%
1960 Ben-Hur Charlton Heston
25%
1953 Le train sifflera trois fois Gary Cooper
24%
1942 Sergent York Gary Cooper
24%
2010 Crazy Heart Jeff Bridges
22%
1952 L'Odyssée de l'African Queen Humphrey Bogart
21%
1935 New York-Miami Clark Gable
20%
1972 French Connection Gene Hackman
20%
1985 Amadeus F. Murray Abraham
19%
1941 Indiscrétions James Stewart
19%
1991 Le Mystère von Bülow Jeremy Irons
19%
1964 Le Lys des champs Sidney Poitier
19%
1958 Le Pont de la rivière Kwai Alec Guinness
17%
1963 Du silence et des ombres Gregory Peck
16%
1949 Hamlet Laurence Olivier
16%
1984 Tendre Bonheur Robert Duvall
16%
1939 Des hommes sont nés Spencer Tracy
15%
1938 Capitaines courageux Spencer Tracy
15%
1986 Le Baiser de la femme araignée William Hurt
15%
1961 Elmer Gantry le charlatan Burt Lancaster
14%
1997 Shine Geoffrey Rush
14%
1971 Patton George C. Scott
14%
1974 Sauvez le tigre Jack Lemmon
13%
1977 Network : Main basse sur la télévision Peter Finch
13%
1965 My Fair Lady Rex Harrison
13%
1957 Le Roi et moi Yul Brynner
13%
1979 Le Retour Jon Voight
12%
1978 Adieu, je reste Richard Dreyfuss
12%
1954 Stalag 17 William Holden
12%
1959 Tables séparées David Niven
11%
1966 Cat Ballou Lee Marvin
11%
1968 Dans la chaleur de la nuit Rod Steiger
11%
1945 La Route semée d'étoiles Bing Crosby
10%
1929 Crépuscule de gloire et Quand la chair succombe Emil Jannings
10%
1956 Marty Ernest Borgnine
10%
1951 Cyrano de Bergerac José Ferrer
10%
1962 Jugement à Nuremberg Maximilian Schell
10%
1975 Harry et Tonto Art Carney
9%
1934 La Vie privée d'Henry VIII Charles Laughton
9%
1947 Les Plus Belles Années de notre vie Fredric March
9%
1943 La Glorieuse Parade James Cagney
9%
1931 Âmes libres Lionel Barrymore
9%
1937 La Vie de Louis Pasteur Paul Muni
9%
1967 Un homme pour l'éternité Paul Scofield
9%
1930 (avril) In Old Arizona Warner Baxter
9%
1950 Les Fous du roi Broderick Crawford
8%
1969 Charly Cliff Robertson
8%
1930 (novembre) Disraeli George Arliss
8%
1940 Au revoir Mr. Chips Robert Donat
8%
1948 Othello Ronald Colman
8%
1936 Le Mouchard Victor McLaglen
8%
1944 Quand le jour viendra Paul Lukas
7%
1932 (ex-æquo) Le Champion Wallace Beery
7%
1946 Le Poison Ray Milland
6%
Docteur Jekyll et M. Hyde Fredric March
5%
Aucun quiz correspondant
Distribution des résultats
% des personnes avec chaque résultat
Percentile par nombre de réponses
Votre historique - résultats
Vous n’avez pas pris ce quiz depuis la dernière actualisation